Science Quiz

Random Science or Geology Quiz

Geological Landforms P-T & W Quiz Stats

 Plays Quiz not verified by Sporcle

Challenge
Share
Tweet
Score 0/24 Timer 06:00
2 Plays Today
% Correct
Pyramidal Peak
90.1%
Reef
89.2%
Waterfall
88.8%
River Delta
87.4%
River
86.8%
Plateau
86.1%
Peninsula
85%
Pond
81.7%
Rapids
81.7%
Swamp
81.5%
Plain
81%
Strait
77.3%
% Correct
Sinkhole
76.4%
Proglacial Lake
73.9%
Terrace
73.5%
Sandbar
73.3%
Plunge Pool
73.3%
Pit Crater
70.5%
River Island
68.6%
Tor
68.5%
Ravine
67.1%
Ria
58%
Rift Valley
55.1%
Potholes
53.2%

You're not logged in!

Compare scores with friends on all Sporcle quizzes.
Join for Free
OR
Log In

You Might Also Like...

Show Comments

Extras

Top Quizzes Today


Score Distribution

Your Account Isn't Verified!

In order to create a playlist on Sporcle, you need to verify the email address you used during registration. Go to your Sporcle Settings to finish the process.

Report this User

Report this user for behavior that violates our Community Guidelines.

Details: